| 000 | 00762nam a2200205 a 4500 | ||
|---|---|---|---|
| 003 | 0 | ||
| 005 | 20250303132017.0 | ||
| 008 | 120723s19uu xx 00 eng d | ||
| 050 |
_aPGS ML 3918.P67.K67 _b.L477 2012 |
||
| 100 | _aLee, Yeon Hee. | ||
| 245 |
_aGender and K-pop awareness of grade 6 SISC students / _cYeon Hee Lee. |
||
| 260 |
_aLas Piñas City, Philippines : _bSouthville International School and Colleges, _c2012. |
||
| 300 |
_a28 pages : _billustrations ; _c28 cm. |
||
| 504 | _aIncludes bibliographical references. | ||
| 650 |
_aPopular music _vKorea (South)—Influence. |
||
| 650 |
_aK-pop (Music) _vSocial aspects. |
||
| 650 |
_aMusic and youth _vPsychological aspects. |
||
| 650 |
_aGender identity _vSocial aspects. |
||
| 942 |
_2lcc _cPASS |
||
| 999 |
_c98804 _d98804 |
||